| 000 | 00000nam##2200000za#4500 |
| 001 | 9.700372 |
| 003 | CaOODSP |
| 005 | 20210625000814 |
| 007 | cr ||||||||||| |
| 008 | 150407|1996||||xxc|||||o f|0| 0 eng|d |
| 040 | |aCaOODSP|beng |
| 043 | |an-cn--- |
| 086 | 1 |aA22-164/1996E-PDF |
| 110 | 1 |aCanada. |bAgriculture and Agri-Food Canada. |
| 245 | 10|aScience and technology for the new century : |h[electronic resource]|bAgriculture and Agri-Food Canada's action plan |
| 260 | |aOttawa - Ontario : |bAgriculture and Agri-Food Canada |c1996. |
| 300 | |a20p.|bgraph |
| 500 | |aHistorical publication digitized by Agriculture and Agri-Food Canada. |
| 590 | |a15-03-Supp|b2015-03-13 |
| 690 | 07|aAgricultural policy|2gcpds |
| 775 | 08|tLes sciences et la technologie à l'aube du XXe siècle : |w(CaOODSP)9.644269 |
| 776 | 0#|tScience and technology for the new century : |w(CaOODSP)9.658403 |
| 776 | 0#|tLes sciences et la technologie à l'aube du XXe siècle : |w(CaOODSP)9.658404 |
| 856 | 40|ahttp://publications.gc.ca|qPDF|s854 KB|uhttps://publications.gc.ca/collections/collection_2015/aac-aafc/A22-164-1996-eng.pdf |
| 986 | |aPublication 1919/B |